TEXT BOOK OF PHARMACOGNOSY ( REVISED AS PER LASTEST PCI SYLLABUS) (Record no. 6129)

MARC details
000 -LEADER
fixed length control field 00479nam a22001817a 4500
005 - DATE AND TIME OF LATEST TRANSACTION
control field 20210827122857.0
008 - FIXED-LENGTH DATA ELEMENTS--GENERAL INFORMATION
fixed length control field 200317b xxu||||| |||| 00| 0 eng d
020 ## - INTERNATIONAL STANDARD BOOK NUMBER
ISBN 9788123902784
041 ## - LANGUAGE CODE
Language code of text/sound track or separate title eng
082 ## - DEWEY DECIMAL CLASSIFICATION NUMBER
Classification number 615
100 ## - MAIN ENTRY--AUTHOR NAME
Personal name ALI, MOHAMMED
245 ## - TITLE STATEMENT
Title TEXT BOOK OF PHARMACOGNOSY ( REVISED AS PER LASTEST PCI SYLLABUS)
250 ## - EDITION STATEMENT
Edition statement 2'ND
260 ## - PUBLICATION, DISTRIBUTION, ETC. (IMPRINT)
Place of publication NEW DELHI
Name of publisher CBS PUBLISHERS AND DISTRIBUTORS
300 ## - PHYSICAL DESCRIPTION
Number of Pages 518 P. V
650 ## - SUBJECT ADDED ENTRY--TOPICAL TERM
Topical Term PHARMACY
942 ## - ADDED ENTRY ELEMENTS (KOHA)
Koha item type Books
Holdings
Lost status Damaged status Collection code Home library Current library Shelving location Date acquired Source of acquisition Cost, normal purchase price Full call number Accession Number Koha item type
    Reference JRU Library JRU Library SHELF-4-B 17/03/2020 PURCHASE 350.00 615 23774 Books
    PHARMACY JRU Library JRU Library Shelf - 25- D 17/03/2020 PURCHASE 350.00 615 23775 Books